Un café con Marta Ávila/
Сохранить в:
| Главный автор: | |
|---|---|
| Формат: | |
| Язык: | Spanish |
| Online-ссылка: | texto completo desde el sitio de la revista |
| Метки: |
Добавить метку
Нет меток, Требуется 1-ая метка записи!
|
MARC
| LEADER | 00000nam a22000007a 4500 | ||
|---|---|---|---|
| 003 | cru CIDCACS/IIS | ||
| 005 | 20191127160436.0 | ||
| 007 | ta | ||
| 008 | 191127s2018 cr |||p|r||||||0| ||spa|d | ||
| 999 | |c 42650 |d 42650 | ||
| 040 | |c cru CIDCACS/IIS | ||
| 100 | 1 | |9 8818 |a Burgos, Carolina | |
| 245 | 1 | |a Un café con Marta Ávila/ |c Una entrevista de Carolina Burgos | |
| 300 | |a páginas 1-2: |b foto | ||
| 856 | |u http://www.suplementocultural.una.ac.cr/index.php/es/suplementos/165-suplemento-127-marzo-2018/547-un-cafe-con-marta-avila-una-entrevista-de-carolina-burgos |y texto completo desde el sitio de la revista | ||
| 942 | |2 ddc |c PP | ||
| 773 | 0 | |0 41151 |9 2900 |a Universidad Nacional de Costa Rica. |d Heredia, Costa Rica: Universidad Nacional de Costa Rica. IDELA. ICAT-CIDEA, |o 17039 |t Suplemento Cultural/ | |
